<?xml version="1.0" encoding="UTF-8"?>
<marc:record xmlns:marc="http://www.loc.gov/MARC21/slim">
   <marc:leader>00000nam a2200000 a 4500</marc:leader>
   <marc:datafield ind1="1" ind2=" " tag="100">
      <marc:subfield code="a">Power, Anthony [Regie]</marc:subfield>
      <marc:subfield code="4">aut</marc:subfield>
      <marc:subfield code="e">Verfasser/-in</marc:subfield>
   </marc:datafield>
   <marc:datafield ind1="0" ind2="0" tag="245">
      <marc:subfield code="a">Der kleine Drache Kokosnuss [Bildtonträger]</marc:subfield>
   </marc:datafield>
   <marc:datafield ind1="0" ind2="0" tag="245">
      <marc:subfield code="b">auf in den Dschungel</marc:subfield>
   </marc:datafield>
   <marc:datafield ind1="0" ind2="0" tag="245">
      <marc:subfield code="c">Regie: Anthony Power</marc:subfield>
   </marc:datafield>
   <marc:datafield ind1=" " ind2="1" tag="264">
      <marc:subfield code="b">Universum Film</marc:subfield>
      <marc:subfield code="c">2019</marc:subfield>
   </marc:datafield>
   <marc:datafield ind1="1" ind2=" " tag="520">
      <marc:subfield code="a">Der kleine Drache Kokosnuss ist in Aufbruchsstimmung: Die Abfahrt ins Ferienlager steht kurz bevor! Junge Feuerdrachen und Fressdrachen treten gemeinsam eine Schiffsfahrt zu den Dschungelinseln an, um so den Teamgeist unter den beiden Drachenspezies zu stärken. Begleitet werden sie dabei von Feuerdrachenlehrerin Proselinde, dem Fressdrachen-Chefkoch und Kokosnuss' Vater Magnus. Feuerdrache Kokosnuss und sein bester Freund Oskar, der einzige vegetarische Fressdrache, finden es aber unfair, dass nur Drachen im Camp erlaubt sind. Sollen sie die Sommerferien ohne ihre beste Freundin, das Stachelschwein Matilda, verbringen? Kurzerhand schmuggeln sie Matilda als blinde Passagierin an Bord. Doch die Reise wird nicht nur zur Bewährungsprobe für unsere drei Helden, sondern für alle Teilnehmer. Das Schiff rammt einen Felsen und die Reisegruppe muss sich zu Fuß durch den Dschungel ins Feriencamp durchschlagen. Dabei wird der angestrebte Teamgeist auf eine harte Probe gestellt, denn der Dschungel birgt unbekannte Bewohner und Gefahren: Kokosnuss und seine Freunde begegnen geheimnisvollen Wasserdrachen und müssen eine fleischfressende Pflanze besiegen. Und das wird nur gelingen, wenn alle zusammenhalten.</marc:subfield>
   </marc:datafield>
   <marc:datafield ind1=" " ind2=" " tag="020">
      <marc:subfield code="a">? 14,30</marc:subfield>
      <marc:subfield code="9">? 14,30</marc:subfield>
   </marc:datafield>
   <marc:datafield ind1=" " ind2=" " tag="500">
      <marc:subfield code="a">TT5</marc:subfield>
   </marc:datafield>
   <marc:datafield ind1="0" ind2=" " tag="490">
      <marc:subfield code="v">0</marc:subfield>
   </marc:datafield>
   <marc:datafield ind1=" " ind2=" " tag="300">
      <marc:subfield code="a">77' : 1 DVD</marc:subfield>
   </marc:datafield>
</marc:record>
